| 000 | 00944 a2200229 4500 | ||
|---|---|---|---|
| 003 | NUST | ||
| 005 | 20221202182805.0 | ||
| 010 | _a 82017461 | ||
| 020 | _a0471862479 : | ||
| 040 | _cNust | ||
| 082 | 0 | 0 | _a025,HOU |
| 100 | 1 |
_aHou, H. S. _965897 |
|
| 245 | 1 | 0 |
_aDigital document processing / _cH.S. Hou. |
| 260 |
_aNew York : _bWiley, _cc1983. |
||
| 300 |
_axii, 329 p. : _bill. ; _c24 cm. |
||
| 505 | _aIntroduction (Page-1), Input Scan (Page-6), Shape Manipulation (Page-44),Digital Half toning And Shading (Page-83), Data Compression (Page-116), Character Feature Extraction (Page-145),Document Preparation (Page-175), Document Retrieval (Page-204),Text Recognition (Page-228), Document Transmission (Page-252),Output Scan (Page-283). | ||
| 650 | 0 |
_aDocumentation. _9104054 |
|
| 650 | 0 |
_aImage processing _xDigital techniques. _9673 |
|
| 650 | 0 |
_aInformation science. _9104055 |
|
| 650 | 0 |
_aPrinting. _945104 |
|
| 942 |
_cBK _2ddc _k025,HOU |
||
| 999 |
_c174926 _d174926 |
||